| 000 | 00727nam a22002057a 4500 | ||
|---|---|---|---|
| 005 | 20240530110927.0 | ||
| 008 | 220221s ua c g b 000 0 ara d | ||
| 017 | _bمصر. دار الكتب | ||
| 040 |
_aEG-CaGPL _cEG-CaGPL |
||
| 082 | 0 | 4 |
_221 _a811.1 / _bز ش |
| 100 | 0 | _aالزوزنى , ابوعبدالله حسين | |
| 245 | 1 | 0 |
_aشرح المعلقات السبع / _cتاليف الزوزنى , ابوعبدالله حسين |
| 260 |
_aالقاهرة : _bمكتبة المتنبى ، _cد ت |
||
| 300 |
_a170 ؛ _c24 سم |
||
| 650 | 0 | 7 |
_aالمعلقات السبع _2qrmak |
| 650 | 0 | 7 |
_aالشعر الجاهلى _2qrmak |
| 651 | _2qrmak | ||
| 942 |
_2ddc _cBK |
||
| 999 |
_c66592 _d66592 |
||